[Event "Open Oberwart  2001"]
[Site "Oberwart (Burgenland/Austria)"]
[Date "2001.07.07"]
[Round "1"]
[White "Eingorn, Vereslav"]
[Black "Lakos, Nikoletta"]
[Result "1-0"]
[WhiteElo "2598"]
[BlackElo "2339"]
[PlyCount "47"]
[EventDate "2001.07.07"]

1. c4 e5 2. g3 c6 3. d4 d6 4. Nc3 Qb6 5. Nf3 Nf6 6. c5 Qa5 7. cxd6 e4 8. Nd2 e3
9. fxe3 Ng4 10. e4 Qh5 11. Nf3 Bxd6 12. e5 Bc7 13. Bg2 f6 14. h3 fxe5 15. hxg4
Qxg4 16. dxe5 Qxg3+ 17. Kf1 { } 17... O-O 18. Qb3+ Kh8 19. Ne4 Qg6 20. Neg5 h6
21. e6 Re8 22. Nf7+ Kg8 23. Nxh6+ gxh6 24. Rxh6 1-0

[Event "Open Oberwart  2001"]
[Site "Oberwart (Burgenland/Austria)"]
[Date "2001.07.07"]
[Round "1"]
[White "Dueckstein, Andreas"]
[Black "Burmakin, Vladimir"]
[Result "0-1"]
[WhiteElo "2316"]
[BlackElo "2593"]
[PlyCount "146"]
[EventDate "2001.07.07"]

1. e4 c6 2. d4 d5 3. Nc3 dxe4 4. Nxe4 Nd7 5. Bc4 Ngf6 6. Ng5 e6 7. Qe2 Nb6 8.
Bd3 h6 9. N5f3 Be7 10. c3 Qd5 11. Be3 Nbd7 12. c4 Qa5+ 13. Bd2 Bb4 14. a3 Bxd2+
15. Qxd2 Qc7 16. Ne2 b6 17. O-O Bb7 18. Ng3 O-O 19. Qe2 Rfe8 20. Ne5 Rad8 21.
Rad1 c5 22. Nxd7 Rxd7 23. dxc5 Qc6 24. f3 Qxc5+ 25. Kh1 Red8 26. b4 Qg5 27. Be4
Nxe4 28. Nxe4 Qe5 29. Rxd7 Rxd7 30. Qc2 Rd4 31. Ng3 Qc7 32. Rc1 Bd5 33. c5 Rc4
34. Qb2 bxc5 35. Rxc4 Bxc4 36. Qc3 cxb4 37. axb4 f6 38. Ne4 Qd8 39. h3 Qd3 40.
Qb2 f5 41. Nc5 Qd1+ 42. Kh2 Qd6+ 43. Kh1 Kf7 44. Qc2 Bb5 45. Qa2 a6 46. Qa1 Bc4
47. Qc3 Bb5 48. Qa1 Qd5 49. Qa5 Qd1+ 50. Kh2 Qd6+ 51. Kh1 Bc4 52. Nb7 Qg3 53.
Qc5 Bf1 54. Qc2 Qe1 55. Qc5 Kg8 56. Qd4 Qe2 57. Qg1 Kf7 58. Nd8+ Kf6 59. Nc6 e5
60. Kh2 h5 61. Na7 Kg6 62. Nc6 Kh6 63. Kh1 h4 64. Ne7 g6 65. Nc6 Kh5 66. Kh2
Qb5 67. Na7 Qc4 68. Kh1 Bd3 69. Qb6 e4 70. Qb8 Qc1+ 71. Kh2 exf3 72. Qh8+ 72...
Qh6 { } 73. Qd4 Be4 0-1

[Event "Open Oberwart  2001"]
[Site "Oberwart (Burgenland/Austria)"]
[Date "2001.07.07"]
[Round "1"]
[White "Gleizerov, Evgeny"]
[Black "Ruck, Tamas"]
[Result "1-0"]
[WhiteElo "2587"]
[BlackElo "2315"]
[PlyCount "63"]
[EventDate "2001.07.07"]

1. d4 d5 2. c4 Nc6 3. Nc3 dxc4 4. e3 e5 5. Nf3 exd4 6. exd4 Nf6 7. Bxc4 Be7 8.
d5 Nb8 9. O-O O-O 10. h3 a6 11. Re1 Nbd7 12. Bg5 h6 13. Bh4 Nb6 14. Bb3 Bf5 15.
Rc1 Bd6 16. Nd4 Bh7 17. Qf3 17... Nbd7 { } 18. Ne6 fxe6 19. dxe6 Kh8 20. exd7
g5 21. Bg3 Nxd7 22. Qe3 Qf6 23. Nd5 Qxb2 24. Re2 Qg7 25. Nxc7 Bf4 26. Bxf4 gxf4
27. Qe7 Rad8 28. Qxg7+ Kxg7 29. Ne6+ Kf6 30. Nxd8 Rxd8 31. Re6+ Kg5 32. h4+ 1-0

[Event "Open Oberwart  2001"]
[Site "Oberwart (Burgenland/Austria)"]
[Date "2001.07.07"]
[Round "1"]
[White "Vukovic, Ivo"]
[Black "Ulibin, Mikhail"]
[Result "0-1"]
[WhiteElo "2310"]
[BlackElo "2583"]
[PlyCount "84"]
[EventDate "2001.07.07"]

1. Nf3 c5 2. g3 b6 3. e4 Bb7 4. d3 g6 5. Bg2 Bg7 6. O-O e5 7. Re1 Ne7 8. c3
Nbc6 9. c4 O-O 10. Nc3 h6 11. Nd5 d6 12. Bd2 f5 13. Nxe7+ Nxe7 14. exf5 Nxf5
15. Bc3 Qd7 16. Nd2 Bxg2 17. Kxg2 Kh7 18. Kg1 Rae8 19. Qb3 d5 20. cxd5 b5 21.
a3 a5 22. Ne4 Rc8 23. Kg2 a4 24. Qa2 Qb7 25. Rac1 Rfd8 26. Kg1 Rxd5 27. Rf1 c4
28. Qb1 28... Rcd8 { } 29. Nd2 cxd3 30. Qa2 R8d7 31. Rfe1 Qb6 32. Rcd1 Nd4 33.
Bxd4 Rxd4 34. Re3 b4 35. axb4 Rxb4 36. Rb1 Qc5 37. Qa3 Qe7 38. Rxd3 Rxd3 39.
Qxd3 e4 40. Qc2 e3 41. fxe3 Qxe3+ 42. Kh1 Qe2 0-1

[Event "Open Oberwart  2001"]
[Site "Oberwart (Burgenland/Austria)"]
[Date "2001.07.07"]
[Round "1"]
[White "Dvoirys, Semen"]
[Black "Jurkovic, Ante"]
[Result "0-1"]
[WhiteElo "2578"]
[BlackElo "2308"]
[PlyCount "104"]
[EventDate "2001.07.07"]

1. e4 e6 2. d4 d5 3. e5 c5 4. c3 Nc6 5. Nf3 Bd7 6. Be2 Nh6 7. a3 Nf5 8. b4 cxd4
9. cxd4 b5 10. O-O Qb6 11. Be3 a5 12. bxa5 Nxa5 13. Ra2 Be7 14. Nc3 O-O 15. Qd3
Nc4 16. Bc1 f6 17. g4 fxe5 18. Nxe5 Nxe5 19. dxe5 Nd4 20. Bd1 b4 21. Rb2 Rxa3
22. Nxd5 Rxd3 23. Nxb6 Bc6 24. Be3 Nf3+ 25. Bxf3 Bxf3 26. h3 h5 27. Na4 Bc6 28.
Nb6 Rf3 29. Rc1 Rc3 30. Nc8 Rxc1+ 31. Bxc1 Bc5 32. Rc2 Rxh3 33. Ne7+ Bxe7 34.
Rxc6 Kf7 35. Rc7 Ke8 36. gxh5 Rxh5 37. f4 Rh3 38. Kf2 Rc3 39. Rxc3 bxc3 40. Ke2
Bh4 41. Kd3 Be1 42. Ke2 Bg3 43. Kf3 Bh4 44. Ke4 Kf7 45. f5 Be1 46. Ba3 Bd2 47.
Bb4 exf5+ 48. Kxf5 g6+ 49. Ke4 Ke6 50. Ba5 Be1 51. Bd8 Bg3 52. Bf6 { } 52...
Bf4 0-1

[Event "Open Oberwart  2001"]
[Site "Oberwart (Burgenland/Austria)"]
[Date "2001.07.07"]
[Round "1"]
[White "Groetz, Harald"]
[Black "Palac, Mladen"]
[Result "0-1"]
[WhiteElo "2305"]
[BlackElo "2578"]
[PlyCount "116"]
[EventDate "2001.07.07"]

1. e4 c5 2. Nf3 d6 3. d4 cxd4 4. Nxd4 Nf6 5. Nc3 a6 6. Bc4 e6 7. Bb3 b5 8. O-O
Be7 9. Qf3 Qb6 10. Be3 Qb7 11. a3 Nbd7 12. Rfe1 Nc5 13. Bg5 h6 14. Bd2 O-O 15.
Rad1 Kh8 16. h3 Qb6 17. Be3 Bb7 18. Qe2 Qc7 19. f3 d5 20. exd5 Nxb3 21. cxb3
Nxd5 22. Nxd5 Bxd5 23. b4 Rac8 24. Rc1 Qe5 25. Qd2 Bd6 26. Ne2 Rxc1 27. Rxc1
Bxf3 28. Bf4 Qxe2 29. Qxe2 Bxe2 30. Bxd6 Ra8 31. Rc7 f6 32. Bc5 Bc4 33. Ra7
Rxa7 34. Bxa7 h5 35. h4 Kg8 36. Kf2 Bd5 37. g3 Kf7 38. Ke3 e5 39. Bc5 Ke6 40.
Bf8 Kf7 41. Bc5 Ke6 42. Bf8 g6 43. Kf2 Kf5 44. Be7 Be4 45. Bd8 g5 46. hxg5 Kxg5
47. Be7 Kf5 48. Bd8 Ke6 49. Ke3 Bf5 50. Kf2 Bg4 51. Ke3 h4 52. gxh4 f5 53. Bg5
53... Bh5 { } 54. Kd3 f4 55. Bd8 Kf5 56. Bb6 e4+ 57. Kd4 e3 58. Kd5 Bf7+ 0-1

[Event "Open Oberwart  2001"]
[Site "Oberwart (Burgenland/Austria)"]
[Date "2001.07.07"]
[Round "1"]
[White "Ruck, Robert"]
[Black "Csonka, Attila"]
[Result "1-0"]
[WhiteElo "2573"]
[BlackElo "2300"]
[PlyCount "53"]
[EventDate "2001.07.07"]

1. Nf3 Nf6 2. c4 e6 3. Nc3 Be7 4. d4 d5 5. Bf4 O-O 6. e3 c6 7. Rc1 Nbd7 8. Bd3
dxc4 9. Bxc4 Nd5 10. Bg3 N7f6 11. O-O Nxc3 12. bxc3 Ba3 13. Rc2 Ne4 14. Be5 b6
15. Bd3 Nf6 16. e4 Bb7 17. c4 Qe7 18. Bf4 Nd7 19. e5 h6 20. Rc3 Bb4 21. Rb3 c5
22. a3 Ba5 23. Bb1 cxd4 24. Nxd4 f5 25. Rg3 { } 25... Kh8 26. Rg6 Nc5 27. Bxh6
1-0

[Event "Open Oberwart  2001"]
[Site "Oberwart (Burgenland/Austria)"]
[Date "2001.07.07"]
[Round "1"]
[White "Kranzl, Peter"]
[Black "Cvitan, Ognjen"]
[Result "0-1"]
[WhiteElo "2291"]
[BlackElo "2555"]
[PlyCount "51"]
[EventDate "2001.07.07"]

1. e4 c5 2. c3 Nf6 3. e5 Nd5 4. d4 cxd4 5. Qxd4 e6 6. Nf3 Nc6 7. Qe4 d6 8. Nbd2
dxe5 9. Nxe5 Bd6 10. Bb5 O-O 11. Nxc6 bxc6 12. Bxc6 Rb8 13. Nc4 Ba6 14. Ba4 Qc7
15. Bb3 Be7 16. Bd2 Rfc8 17. Ne3 17... Nf4 { } 18. c4 Bb7 19. Qc2 Nxg2+ 20.
Nxg2 Bxg2 21. Rg1 Qe5+ 22. Be3 Bb4+ 23. Kd1 Be4 24. Qe2 Rd8+ 25. Kc1 Ba3 26.
Bxa7 0-1

[Event "Open Oberwart  2001"]
[Site "Oberwart (Burgenland/Austria)"]
[Date "2001.07.07"]
[Round "1"]
[White "Zelcic, Robert"]
[Black "Sulyok, Michael"]
[Result "1-0"]
[WhiteElo "2534"]
[BlackElo "2278"]
[PlyCount "81"]
[EventDate "2001.07.07"]

1. e4 g6 2. d4 Bg7 3. Nc3 d6 4. Bg5 Nd7 5. Qd2 a6 6. Nf3 b5 7. Bd3 c5 8. dxc5
Nxc5 9. O-O Nf6 10. Bh6 O-O 11. Bxg7 Kxg7 12. b4 Nxd3 13. cxd3 Qb6 14. a4 Bg4
15. Nh4 bxa4 16. Nxa4 Qd4 17. h3 Bd7 18. Nf3 Qa7 19. Nc3 Qb7 20. Rab1 Rfc8 21.
Rfe1 Bc6 22. Qe3 e5 23. d4 Re8 24. Nd2 Qa7 25. d5 Bb5 26. Nb3 Rec8 27. Na5 Qxe3
28. Rxe3 Kf8 29. f3 Nd7 30. Ra1 Nb6 31. Nxb5 axb5 32. Rea3 Na4 33. Nc6 Ke8 34.
h4 h6 35. Rf1 g5 36. Kh2 Kd7 37. hxg5 hxg5 38. Kg3 { } 38... f6 39. Rh1 Rh8 40.
Rxh8 Rxh8 41. Na7 1-0

[Event "Open Oberwart  2001"]
[Site "Oberwart (Burgenland/Austria)"]
[Date "2001.07.07"]
[Round "1"]
[White "Wukits, Rene"]
[Black "Stanec, Nikolaus"]
[Result "1/2-1/2"]
[WhiteElo "2269"]
[BlackElo "2530"]
[PlyCount "92"]
[EventDate "2001.07.07"]

1. d4 Nf6 2. c4 e6 3. Nc3 Bb4 4. e3 c5 5. Bd3 d5 6. Nf3 cxd4 7. exd4 dxc4 8.
Bxc4 O-O 9. O-O Nbd7 10. Bd3 b6 11. Bg5 Bb7 12. Bc2 Bxc3 13. bxc3 Qc7 14. Rc1
Be4 15. Re1 Qb7 16. Bxe4 Nxe4 17. Qd3 Nxg5 18. Nxg5 Nf6 19. c4 Rfd8 20. Nf3
Rac8 21. Qb3 Qc7 22. h3 Qf4 23. Qe3 Qxe3 24. fxe3 Ne4 25. Kf1 f6 26. Ke2 e5 27.
Kd3 Nd6 28. Nd2 Rc7 29. Ne4 Nf7 30. Kc3 f5 31. Nd2 f4 32. Nf3 b5 33. Kb4 bxc4
34. Rxc4 Rb7+ 35. Kc3 Nd6 36. Rc6 e4 37. Ne5 fxe3 38. Rxe3 Nb5+ 39. Kc4 Nxd4
40. Rc5 Nf5 41. Re1 Nd6+ 42. Kd5 Rb2 43. Nc6 Rd2+ 44. Ke6 Rf8 45. Ne7+ Kh8 46.
Rd5 46... Rf6+ {.} 1/2-1/2

[Event "Open Oberwart  2001"]
[Site "Oberwart (Burgenland/Austria)"]
[Date "2001.07.07"]
[Round "1"]
[White "Lalic, Bogdan"]
[Black "Amann, Guenter"]
[Result "1-0"]
[WhiteElo "2528"]
[BlackElo "2267"]
[PlyCount "65"]
[EventDate "2001.07.07"]

1. d4 d5 2. c4 c6 3. Nf3 Nf6 4. e3 e6 5. Nbd2 Nbd7 6. Bd3 Bd6 7. e4 dxe4 8.
Nxe4 Nxe4 9. Bxe4 O-O 10. O-O h6 11. Bc2 e5 12. Re1 exd4 13. Qxd4 Bc5 14. Qc3
a5 15. a3 Nf6 16. Be3 Bxe3 17. Rxe3 Re8 18. Rd1 Bd7 19. Rxe8+ Qxe8 20. h3 Qc8
21. g4 Qc7 22. Qe5 Qxe5 23. Nxe5 Be6 24. f4 b5 25. Nxc6 Bxc4 26. Nxa5 g5 27.
Nxc4 bxc4 28. fxg5 hxg5 29. Rf1 Nd7 30. Be4 Rc8 31. Bd5 c3 32. Bxf7+ Kg7 33.
Be6 {.} 1-0

[Event "Open Oberwart  2001"]
[Site "Oberwart (Burgenland/Austria)"]
[Date "2001.07.07"]
[Round "1"]
[White "Deutsch, Ludwig"]
[Black "Loginov, Valery"]
[Result "0-1"]
[WhiteElo "2266"]
[BlackElo "2507"]
[PlyCount "80"]
[EventDate "2001.07.07"]

1. d4 Nf6 2. Nf3 g6 3. Nbd2 d5 4. e3 Bg7 5. Bd3 c5 6. c3 Qb6 7. Qb3 Nc6 8. O-O
c4 9. Qxb6 axb6 10. Bc2 Bf5 11. Bxf5 gxf5 12. a3 b5 13. Rb1 Ne4 14. Ne1 Nd6 15.
Nc2 Rg8 16. f3 Kd7 17. Kf2 e6 18. Re1 Bh6 19. Re2 Rg6 20. g3 Bg5 21. Nf1 h5 22.
h4 Be7 23. Ne1 f4 24. exf4 Nf5 25. Ng2 Rag8 26. Bd2 Nxg3 27. Nxg3 Rxg3 28. Kg1
Rxf3 29. Rf1 Rh3 30. f5 e5 31. f6 Bd6 32. Bg5 exd4 33. Rf5 d3 34. Re3 Rxe3 35.
Nxe3 d4 36. Nd1 Re8 37. Kf1 Re5 38. Rf2 Bc5 39. Rf4 Ke6 40. Rf3 40... Re2 {.}
0-1

[Event "Open Oberwart  2001"]
[Site "Oberwart (Burgenland/Austria)"]
[Date "2001.07.07"]
[Round "1"]
[White "Farago, Ivan"]
[Black "Meijer, Johannes"]
[Result "1-0"]
[WhiteElo "2504"]
[BlackElo "2255"]
[PlyCount "97"]
[EventDate "2001.07.07"]

1. d4 Nf6 2. c4 e6 3. Nf3 Bb4+ 4. Bd2 Qe7 5. g3 O-O 6. Bg2 Bxd2+ 7. Qxd2 d6 8.
Nc3 Nbd7 9. O-O e5 10. Rad1 Re8 11. h3 a5 12. e4 exd4 13. Nxd4 Nc5 14. Rfe1 Bd7
15. Kh2 Qd8 16. f4 h6 17. e5 dxe5 18. fxe5 Nh7 19. Nb3 Nxb3 20. Qxd7 Qxd7 21.
Rxd7 Nc5 22. Rxc7 Rac8 23. Rxc8 Rxc8 24. Rd1 Ng5 25. b3 Kf8 26. Nb5 Nge6 27.
Bd5 Ke7 28. Nd6 Rc7 29. Rf1 Kf8 30. a3 Re7 31. b4 Nd3 32. bxa5 Nxe5 33. Nxb7
Nc7 34. Nc5 Nd7 35. Nxd7+ Rxd7 36. Rd1 Ke7 37. Bf3 Rxd1 38. Bxd1 Kd6 39. Bf3
Kc5 40. Bb7 f6 41. Kg2 Kxc4 42. a6 Nb5 43. Kf3 Kc5 44. a4 Na7 45. Ke4 g6 46. g4
Kd6 47. Kd4 f5 48. gxf5 gxf5 49. h4 {.} 1-0

[Event "Open Oberwart  2001"]
[Site "Oberwart (Burgenland/Austria)"]
[Date "2001.07.07"]
[Round "1"]
[White "Diermair, Andreas"]
[Black "Golubovic, Boris"]
[Result "0-1"]
[WhiteElo "2254"]
[BlackElo "2465"]
[PlyCount "112"]
[EventDate "2001.07.07"]

1. e4 c5 2. d4 cxd4 3. c3 Nf6 4. e5 Nd5 5. Nf3 e6 6. cxd4 d6 7. Nc3 Nxc3 8.
bxc3 Qc7 9. Be2 Nd7 10. O-O dxe5 11. dxe5 Be7 12. Bf4 O-O 13. Qd2 b6 14. Rad1
Nc5 15. Qe3 Bb7 16. Nd4 a6 17. Bg3 Rac8 18. f4 Ne4 19. f5 exf5 20. Nxf5 Bc5 21.
Nd4 b5 22. Kh1 Rfe8 23. Bf4 Qb6 24. Bd3 Nxc3 25. Bxh7+ Kxh7 26. Qxc3 Bxd4 27.
Qxd4 Qxd4 28. Rxd4 Rc2 29. Rd2 Rxd2 30. Bxd2 Rxe5 31. Kg1 Kg6 32. Re1 Rd5 33.
Bc3 Rd3 34. Bb4 a5 35. Bxa5 Ra3 36. Bb6 Rxa2 37. Bf2 b4 38. Rb1 b3 39. Bd4
Rxg2+ 40. Kf1 Rd2 41. Bc3 Rxh2 42. Rxb3 Bd5 43. Rb2 Rh3 44. Bd4 f6 45. Rf2 Bf3
46. Rd2 Kf5 47. Bg1 Rh8 48. Kf2 Be4 49. Ke3 Rh3+ 50. Kf2 g5 51. Kf1 Kg4 52. Kf2
f5 53. Rd4 Kf4 54. Rd2 g4 55. Kf1 g3 56. Ke1 56... Rh1 {.} 0-1

[Event "Open Oberwart  2001"]
[Site "Oberwart (Burgenland/Austria)"]
[Date "2001.07.07"]
[Round "1"]
[White "Rogulj, Branko"]
[Black "Posch, Werner"]
[Result "1-0"]
[WhiteElo "2460"]
[BlackElo "2251"]
[PlyCount "41"]
[EventDate "2001.07.07"]

1. e4 Nf6 2. e5 Nd5 3. d4 d6 4. Nf3 dxe5 5. Nxe5 Nd7 6. Nf3 e6 7. c4 N5f6 8.
Nc3 c5 9. Be2 Be7 10. O-O O-O 11. Bf4 cxd4 12. Nb5 Ne8 13. Qxd4 a6 14. Nc3 Bf6
15. Qe3 Qa5 16. Rfd1 Nc5 17. Ne5 Bxe5 18. Bxe5 b6 19. Rab1 Nd7 20. Rxd7 Bxd7
21. b4 { } 1-0

[Event "Open Oberwart  2001"]
[Site "Oberwart (Burgenland/Austria)"]
[Date "2001.07.07"]
[Round "1"]
[White "Bannink, Bernard"]
[Black "Fercec, Nenad"]
[Result "0-1"]
[WhiteElo "2246"]
[BlackElo "2456"]
[PlyCount "80"]
[EventDate "2001.07.07"]

1. d4 Nf6 2. Nf3 c5 3. d5 b5 4. Bg5 Ne4 5. Bf4 Qa5+ 6. Nbd2 d6 7. a4 Nxd2 8.
Qxd2 Qxd2+ 9. Nxd2 b4 10. e4 g6 11. Bb5+ Bd7 12. e5 dxe5 13. Bxe5 f6 14. Bxb8
Rxb8 15. Bxd7+ Kxd7 16. Nc4 b3 17. c3 h5 18. O-O h4 19. Ra3 Rh5 20. Rd1 e6 21.
dxe6+ Kxe6 22. Raa1 Rd5 23. Rxd5 Kxd5 24. Na5 Rb6 25. Rd1+ Ke6 26. Nc4 Ra6 27.
a5 Rc6 28. Re1+ Kd5 29. Nd2 Bh6 30. Nxb3 Kc4 31. Na1 f5 32. g3 h3 33. f4 Ra6
34. Nc2 Kb3 35. Re2 Rxa5 36. Na3 36... Bg7 { } 37. Kf2 Ra6 38. Nb1 Ra2 39. Nd2+
Kxb2 40. c4 Bd4+ 0-1

[Event "Open Oberwart  2001"]
[Site "Oberwart (Burgenland/Austria)"]
[Date "2001.07.07"]
[Round "1"]
[White "Krivoshey, Sergei"]
[Black "Karner, Christoph"]
[Result "1-0"]
[WhiteElo "2449"]
[BlackElo "2240"]
[PlyCount "89"]
[EventDate "2001.07.07"]

1. Nf3 Nf6 2. c4 g6 3. Nc3 Bg7 4. e4 d6 5. d4 O-O 6. Be2 e5 7. O-O Nc6 8. d5
Ne7 9. Ne1 Ne8 10. Be3 f5 11. f3 f4 12. Bf2 h5 13. c5 g5 14. a4 Rf6 15. cxd6
Nxd6 16. Nb5 a6 17. Nxd6 cxd6 18. a5 Rg6 19. Bb6 Qf8 20. Rc1 g4 21. Nd3 Qf6 22.
Qd2 Qh4 23. Bd1 Kh8 24. Rc7 Bf6 25. Ne1 g3 26. h3 Bxh3 27. gxh3 g2 28. Rf2 Rag8
29. Rxg2 Qxh3 30. Ba4 Rxg2+ 31. Nxg2 Qxf3 32. Rc3 Qxe4 33. Bc2 Qxd5 34. Qe2 Qf7
35. Rh3 Rg5 36. Bf2 Nf5 37. Rc3 Kg7 38. Bxf5 Rxf5 39. Qc2 Qe6 40. Rc7+ Kh6 41.
Rxb7 Bg7 42. Qe4 Rg5 43. Rb6 Rg6 44. Kh2 Bf6 45. Nxf4 {.} 1-0

[Event "Open Oberwart  2001"]
[Site "Oberwart (Burgenland/Austria)"]
[Date "2001.07.07"]
[Round "1"]
[White "Hansen, Kay"]
[Black "Kupreichik, Viktor"]
[Result "0-1"]
[WhiteElo "2236"]
[BlackElo "2443"]
[PlyCount "102"]
[EventDate "2001.07.07"]

1. d4 Nf6 2. Nf3 g6 3. Bf4 d6 4. h3 Bg7 5. c3 O-O 6. Nbd2 b6 7. e4 Bb7 8. Qc2
Nbd7 9. Be2 e5 10. dxe5 dxe5 11. Be3 Qe7 12. O-O Nc5 13. Bxc5 Qxc5 14. Rfe1 a5
15. a4 Rad8 16. Bb5 Nh5 17. Rad1 Nf4 18. Nf1 c6 19. Be2 Bc8 20. Rxd8 Rxd8 21.
Rd1 Rxd1 22. Qxd1 Be6 23. Ng3 Nxe2+ 24. Nxe2 Bf6 25. Nc1 Kg7 26. Qd3 Be7 27.
Qe3 Qxe3 28. fxe3 f6 29. Nd2 Kf7 30. Kf2 Ke8 31. Ke2 Kd7 32. Kd3 h5 33. Ne2 Kc7
34. Ng1 Bc8 35. Ngf3 Ba6+ 36. Kc2 g5 37. Nh2 Bc5 38. Nhf1 h4 39. Nh2 Be2 40.
Ndf3 Bxe3 41. Ng4 Bf4 42. Nxf6 Kd6 43. Ng4 Bf1 44. Ne1 c5 45. b3 c4 46. b4 Bg3
47. Nf3 Bxg2 48. Nxg5 Bf4 49. Nf7+ Ke6 50. Nd8+ Ke7 51. Nc6+ 51... Kd6 {.} 0-1

[Event "Open Oberwart  2001"]
[Site "Oberwart (Burgenland/Austria)"]
[Date "2001.07.07"]
[Round "1"]
[White "Wegerer, Fred"]
[Black "Gagarin, Vasilij"]
[Result "0-1"]
[WhiteElo "2230"]
[BlackElo "2431"]
[PlyCount "76"]
[EventDate "2001.07.07"]

1. e3 g6 2. h4 Nf6 3. b3 Bg7 4. Bb2 d6 5. Be2 h5 6. Nf3 e5 7. d4 e4 8. Ng5 c6
9. c4 O-O 10. Nc3 Re8 11. b4 Bf5 12. Qb3 Nbd7 13. a4 Nf8 14. a5 Ne6 15. a6 b6
16. d5 cxd5 17. cxd5 Nxg5 18. hxg5 Ng4 19. Nb5 Bxb2 20. Qxb2 Re5 21. Rd1 Qxg5
22. Nxd6 Rd8 23. Nxf5 Rxf5 24. Bxg4 Qxg4 25. d6 Qxg2 26. Rf1 Qg5 27. Qd4 Re5
28. Qc4 Rd7 29. Rd4 Qd8 30. f4 exf3 31. Rxf3 Re6 32. Rxf7 Rxe3+ 33. Kd2 Rxf7
34. Kxe3 34... Qg5+ { } 35. Rf4 Qg3+ 36. Ke2 Qxf4 37. Qc8+ Kh7 38. d7 Qe4+ 0-1

[Event "Open Oberwart  2001"]
[Site "Oberwart (Burgenland/Austria)"]
[Date "2001.07.07"]
[Round "1"]
[White "Medvegy, Zoltan"]
[Black "Hechl, Gerald"]
[Result "1-0"]
[WhiteElo "2430"]
[BlackElo "2230"]
[PlyCount "79"]
[EventDate "2001.07.07"]

1. e4 c5 2. Nf3 e6 3. d4 cxd4 4. Nxd4 Nf6 5. Nc3 d6 6. Bb5+ Bd7 7. Bd3 Nc6 8.
Nb3 Be7 9. O-O O-O 10. f4 e5 11. f5 Nb4 12. Bg5 Bc6 13. Bxf6 Bxf6 14. a3 Nxd3
15. Qxd3 Qb6+ 16. Kh1 Rfd8 17. Rfd1 Rac8 18. Nd2 Qd4 19. Qe2 b5 20. Nb3 Qb6 21.
Nd5 Bxd5 22. Rxd5 a6 23. Rad1 Be7 24. c3 Qc7 25. Nd2 Qc6 26. Qd3 f6 27. Nf1 Qc4
28. Qc2 Rb8 29. Ne3 Qc6 30. R5d2 Kh8 31. Nd5 Bf8 32. Rd3 Rdc8 33. Qe2 Qe8 34.
Qg4 Qf7 35. Rh3 a5 36. Qg6 Qxg6 37. fxg6 h6 38. Kg1 Rc4 39. Re3 Rc5 40. Kf2 {.}
1-0

[Event "Open Oberwart  2001"]
[Site "Oberwart (Burgenland/Austria)"]
[Date "2001.07.07"]
[Round "1"]
[White "Schwaninger, Wolfgang"]
[Black "Balinov, Ilia"]
[Result "0-1"]
[WhiteElo "2230"]
[BlackElo "2425"]
[PlyCount "90"]
[EventDate "2001.07.07"]

1. d4 Nf6 2. Nf3 g6 3. e3 Bg7 4. c4 O-O 5. Nc3 d5 6. Bd3 c5 7. O-O Nc6 8. dxc5
dxc4 9. Bxc4 Qa5 10. Nb5 Qb4 11. b3 Rd8 12. Bd2 Qxc5 13. Rc1 Qb6 14. Ng5 Ne5
15. Qe1 Nxc4 16. bxc4 Qc6 17. Nd4 Qa4 18. a3 e5 19. Nb5 e4 20. Bb4 h6 21. Be7
Re8 22. Bxf6 Bxf6 23. Nc7 hxg5 24. Nxa8 Be5 25. Rb1 Be6 26. Qb4 Qxb4 27. Rxb4
Rxa8 28. Rxb7 Bxc4 29. Rc1 Bd3 30. f3 exf3 31. gxf3 a6 32. a4 Bf5 33. Rc5 Bd6
34. Rd5 Bf8 35. Kg2 g4 36. Rb6 a5 37. Rdb5 gxf3+ 38. Kf2 Bd7 39. Rb8 Ra7 40.
Rd5 Kg7 41. Rd4 Bb4 42. Kxf3 Bxa4 43. h4 Bd7 44. e4 Be7 45. e5 45... a4 {.} 0-1

[Event "Open Oberwart  2001"]
[Site "Oberwart (Burgenland/Austria)"]
[Date "2001.07.07"]
[Round "1"]
[White "Danner, Georg"]
[Black "Steiner, Bruno"]
[Result "1/2-1/2"]
[WhiteElo "2421"]
[BlackElo "2206"]
[PlyCount "109"]
[EventDate "2001.07.07"]

1. d4 Nf6 2. Nf3 e6 3. e3 d5 4. Bd3 Nbd7 5. O-O Be7 6. Nbd2 O-O 7. b3 c5 8. Bb2
a6 9. Ne5 Nxe5 10. dxe5 Nd7 11. f4 b5 12. Qh5 g6 13. Qh6 Re8 14. Nf3 Bf8 15.
Qh3 Bg7 16. Rad1 Bb7 17. Ng5 17... h6 { } 18. Bxg6 fxg6 19. Nxe6 Qe7 20. Nc7
Nb6 21. Nxa8 Bxa8 22. e4 d4 23. Rde1 Rd8 24. Bc1 c4 25. f5 Qxe5 26. f6 Bxf6 27.
Qxh6 Bxe4 28. Rxe4 Qxe4 29. Rxf6 Qe1+ 30. Rf1 Qe4 31. h4 Nd5 32. h5 Ne3 33. Rf3
Ng4 34. Qxg6+ Qxg6 35. hxg6 Kg7 36. Rf4 Ne5 37. bxc4 bxc4 38. Re4 Nc6 39. Ba3
d3 40. cxd3 cxd3 41. Bb2+ Kxg6 42. Bc3 Kf5 43. Re1 Rd5 44. Kf2 Rc5 45. Bd2 Rc2
46. Ke3 Ne5 47. Kd4 Rxd2 48. Rxe5+ Kf6 49. Ra5 Rxg2 50. Rxa6+ Ke7 51. Kxd3 Kd7
52. Kc4 Kc7 53. a4 Kb7 54. Rd6 Rg4+ 55. Kb5 1/2-1/2

[Event "Open Oberwart  2001"]
[Site "Oberwart (Burgenland/Austria)"]
[Date "2001.07.07"]
[Round "1"]
[White "Rudolf, Herbert"]
[Black "Dobrov, Vladimir"]
[Result "0-1"]
[WhiteElo "2205"]
[BlackElo "2409"]
[PlyCount "112"]
[EventDate "2001.07.07"]

1. e4 c5 2. Nf3 Nc6 3. Bb5 Qb6 4. Nc3 e6 5. O-O a6 6. Bxc6 Qxc6 7. Re1 d6 8. d4
cxd4 9. Nd5 e5 10. c3 dxc3 11. Re3 Be6 12. Rxc3 Bxd5 13. exd5 Qd7 14. Be3 Be7
15. Rac1 Bd8 16. Nd2 Ne7 17. Ne4 O-O 18. f4 exf4 19. Bxf4 Qf5 20. Qf3 Nxd5 21.
Bxd6 Qxf3 22. Rxf3 Re8 23. Rd1 Ne3 24. Rd4 Rc8 25. Bc5 Nc2 26. Rc4 b5 27. Nd6
bxc4 28. Nxc8 Bf6 29. Nd6 Re5 30. Bb6 Re1+ 31. Kf2 Rc1 32. Nxc4 Nb4 33. b3 Nxa2
34. Rd3 h5 35. Be3 Rb1 36. Nd2 Rh1 37. h3 Nb4 38. Rd6 Ra1 39. Bc5 a5 40. Rd7
Ra2 41. Kf1 Ra1+ 42. Ke2 Na2 43. Ra7 Nc1+ 44. Kf3 Ra2 45. Be3 Nd3 46. g4 Ne5+
47. Kf4 Ng6+ 48. Ke4 hxg4 49. hxg4 Bc3 50. Nc4 Bb4 51. Bb6 Rg2 52. Ne3 Rb2 53.
Bxa5 Rxb3 54. Bxb4 Rxb4+ 55. Kf3 Ne5+ 56. Kg3 56... Re4 {.} 0-1

[Event "Open Oberwart  2001"]
[Site "Oberwart (Burgenland/Austria)"]
[Date "2001.07.07"]
[Round "1"]
[White "Lenz, Alarich"]
[Black "Kovacs, Gabor"]
[Result "0-1"]
[WhiteElo "2197"]
[BlackElo "2402"]
[PlyCount "56"]
[EventDate "2001.07.07"]

1. c4 c5 2. Nf3 Nf6 3. Nc3 d5 4. cxd5 Nxd5 5. g3 Nc6 6. Bg2 Nc7 7. a3 e5 8. Rb1
Be7 9. b4 Bf5 10. d3 cxb4 11. axb4 Bxb4 12. Bd2 Qe7 13. O-O O-O 14. Qb3 a5 15.
Bg5 Qe6 16. Qb2 Rfb8 17. Rfc1 h6 18. Be3 Qe7 19. Nh4 Bd7 20. Rc2 Ra6 21. Na4
Ne6 22. Nb6 Ned4 23. Nd5 Qd6 24. Nxb4 axb4 25. Bxd4 Nxd4 26. Rcc1 b3 27. Ra1
Rba8 28. Rxa6 28... Rxa6 {.} 0-1

[Event "Open Oberwart  2001"]
[Site "Oberwart (Burgenland/Austria)"]
[Date "2001.07.07"]
[Round "1"]
[White "Freitag, Manfred"]
[Black "Broekman, Willem"]
[Result "1-0"]
[WhiteElo "2384"]
[BlackElo "2192"]
[PlyCount "45"]
[EventDate "2001.07.07"]

1. d4 e6 2. Nf3 Nf6 3. g3 c5 4. Bg2 Nc6 5. O-O d5 6. c4 dxc4 7. Qa4 Bd7 8. dxc5
Qa5 9. Qxc4 Qxc5 10. Na3 Rc8 11. Bg5 Ne5 12. Qxc5 Rxc5 13. Be3 Nxf3+ 14. Bxf3
Rc7 15. Rfc1 Rxc1+ 16. Rxc1 Bxa3 17. bxa3 { } 17... O-O 18. Bxb7 Bb5 19. Bxa7
Bxe2 20. a4 Nd5 21. a5 h6 22. a3 f5 23. a6 1-0